Bienvenido a nuestro catálago, Biblioteca Universidad Monteávila

Vista normal Vista MARC

Entrada Encabezamiento personal

Número de registros utilizados en: 1

001 - NÚMERO DE CONTROL

  • campo de control: 5431

003 - IDENTIFICADOR DEL NÚMERO DE CONTROL

  • campo de control: vecauma

005 - FECHA Y HORA DE LA ÚLTIMA TRANSACCIÓN

  • campo de control: 20230127203736.0

008 - DATOS DE LONGITUD FIJA

  • campo de control de longitud fija: 230127|| aca||aabn | a|a d

040 ## - FUENTE DE LA CATALOGACIÓN

  • Centro catalogador/agencia de origen: vecauma

100 1# - ENCABEZAMIENTO-NOMBRE DE PERSONA

  • Nombre de persona: Pozsony Martín, Linda Margarita

670 ## - FUENTE EN LA QUE SE LOCALIZARON DATOS

  • Cita de la fuente: Análisis de la presencia, la ausencia y la intensidad de cinco rasgos de comunicación totalitaria durante 24 horas de transmisión del canal Venezolana de Televisión (VTV) durante el referéndum aprobatorio del 15 de febrero de 2009 en Venezuela, 2012
  • Información localizada: portada (Linda Margarita Pozsony Martín)

Copyright @ UMA Library
Universidad Monteávila Caracas, Venezuela

Edif. Sede principal Universidad Monteávila. Av. El Buen Pastor. Boleíta Norte. Caracas. 
Customized by Universidad Monteávila

Con tecnología Koha